000 00348 a2200145 4500
005 20250411171029.0
020 _a7121 0284 1
082 _a657 MAG
100 _aMAGEE, J . O .
245 _aBasic Accounting
250 _a2nd Ed.
260 _aSuffolk,
_bMacdonald & Evans,
_c1979.
300 _ax, 340p.: ill.;
_bindex,
_c17cm.
942 _2ddc
_cBKS
999 _c1338
_d1338